Statistics for Russian Literature

Click here to take the quiz!

General Stats

  • This quiz has been taken 200 times
  • The average score is 8 of 16

Answer Stats

HintAnswer% Correct
The Brothers KaramazovFyodor Dostoevsky
97%
Anna KareninaLeo Tolstoy
88%
LolitaVladimir Nabokov
79%
Eugene OneginAlexander Pushkin
70%
Fathers and SonsIvan Turgenev
65%
The NoseNikolai Gogol
64%
Doctor ZhivagoBoris Pasternak
58%
The Cherry OrchardAnton Chekhov
50%
The Gulag ArchipelagoAleksandr Solzhenitsyn
46%
WeYevgeny Zamyatin
34%
And Quiet Flows the DonMikhail Sholokhov
28%
The Lower DepthsMaxim Gorki
20%
What Is to Be Done?Vladimir Lenin
19%
Metro 2033Dmitry Glukhovsky
15%
Day of the OprichnikVladimir Sorokin
13%
God and the StateMikhail Bakunin
12%

Score Distribution

Percentile by Number Answered

Percent of People with Each Score

Your Score History

You have not taken this quiz